|
|
|
|
| LEADER |
00000nab a2200000 a 4500 |
| 001 |
vtls009966383 |
| 003 |
SK-MaSNL |
| 005 |
20260303051112.0 |
| 008 |
091104c20091104xo drz 0 0slo |
| 038 |
|
|
|a KEVKJB
|
| 040 |
|
|
|a KEVKJB
|b slo
|c KEVKJB
|e AACR2
|
| 041 |
0 |
|
|a slo
|
| 044 |
|
|
|a xo
|c SK
|
| 080 |
|
|
|a 352
|2 2001
|
| 100 |
1 |
|
|a Eperješiová, Eva
|4 aut
|9 1034675
|
| 245 |
1 |
0 |
|a Jazero kúpi nový server, úsporné opatrenia neprijali
|c Eva Eperješiová
|
| 300 |
|
|
|b Fotogr.
|
| 650 |
0 |
7 |
|a úprava rozpočtu
|2 kevkjb
|9 1035837
|
| 651 |
|
7 |
|a Košice (Slovensko)
|2 kevkjb
|9 18694
|
| 651 |
|
7 |
|a Nad jazerom (Košice IV, Slovensko)
|2 kevkjb
|9 160202
|
| 773 |
0 |
|
|t Košický Korzár
|g Roč. XII, č. 255 (4.11.2009), s. 2
|x 1335-4566
|
| 852 |
|
|
|a KEVKJB
|b KIS3GCP
|
| 999 |
|
|
|c 1710313
|d 1712243
|